本当に存在している市は? - Statistics

General Stats
  • This quiz has been taken 157 times
  • The average score is 15 of 17
Answers on the Grid
Answers color-coded by a green-red scale on the quiz's grid according to % correct below.
札幌市
盛岡市
仙台市
西東京市
横浜市
茨木市
北茨城市
茨城町
前橋市
宇都宮市
栃木市
甲府市
山梨市
静岡市
浜松市
大津市
東かがわ市
博多市
香川市
島根市
滋賀市
群馬市
南茨城市
埼玉市
神奈川市
東東京市
宮城市
岩手市
 
Answer Stats
Answer % Correct
仙台市
94%
静岡市
94%
浜松市
94%
前橋市
93%
大津市
93%
札幌市
92%
盛岡市
92%
茨木市
92%
横浜市
91%
甲府市
90%
宇都宮市
89%
栃木市
89%
山梨市
89%
西東京市
87%
東かがわ市
85%
北茨城市
82%
茨城町
77%
No matching quizzes found
Score Distribution
Percent of People with Each Score
Percentile by Number Answered
Your Score History
You have not taken this quiz